[Event "Pere Noel"]
[Site "Montreal CAN"]
[Date "2017.12.29"]
[Round "3.4"]
[White "Duong, Thanh Nha"]
[Black "Zhu, Hong Rui"]
[Result "0-1"]
[WhiteElo "2315"]
[BlackElo "2288"]
[PlyCount "60"]
[EventDate "2017.12.27"]
[EventType "swiss"]
[EventRounds "5"]
[EventCountry "CAN"]

1. e4 c5 2. b3 Nc6 3. Bb2 d6 4. Nc3 Nf6 5. Bc4 e6 6. Nf3 d5 7. exd5 exd5 8. Bb5
d4 9. Qe2+ Be7 10. Ne4 O-O 11. O-O-O Bf5 12. Ng3 Bxc2 13. Rde1 d3 14. Qe3 Nb4
15. Bc3 Qa5 16. a4 Nfd5 17. Qxe7 Nxe7 18. Rxe7 Bxb3 19. Kb2 Bxa4 20. Bc4 Qb6
21. Kc1 Bb5 22. Bb3 Nc6 23. Re4 c4 24. Rg4 f6 25. Nh5 Rf7 26. Ba2 Ne7 27. Re1
Nd5 28. Bb2 Qc5 29. Nd4 Nb4 30. Bb1 Qxh5 0-1

[Event "Varennes int."]
[Site "Varennes CAN"]
[Date "2017.10.06"]
[Round "1.28"]
[White "Cui, Leonardo"]
[Black "Duong, Thanh Nha"]
[Result "0-1"]
[WhiteElo "1557"]
[BlackElo "2132"]
[PlyCount "98"]
[EventDate "2017.10.06"]
[EventType "swiss"]
[EventRounds "5"]
[EventCountry "CAN"]

1. d4 Nf6 2. c4 c5 3. Nf3 cxd4 4. Nxd4 e5 5. Nb3 a5 6. Bg5 a4 7. N3d2 Bc5 8. e3
h6 9. Bxf6 Qxf6 10. Ne4 Bb4+ 11. Nbc3 Qg6 12. a3 Be7 13. g3 O-O 14. Bg2 d6 15.
Nd5 Bd8 16. O-O Bf5 17. Ndc3 Ra6 18. Rc1 Bg4 19. Qc2 f5 20. Nd2 e4 21. f3 exf3
22. Nxf3 Qe8 23. Nd5 Bxf3 24. Bxf3 Nc6 25. c5 dxc5 26. Qxc5 Ra5 27. Qc4 Kh8 28.
Qc3 Rb5 29. Qd2 Bg5 30. Rc3 Qd7 31. Rd1 Rd8 32. Qc2 Ne5 33. Bg2 Ng4 34. e4 fxe4
35. Bxe4 Nf6 36. Rc7 Qd6 37. Rc8 Nxd5 38. Rxd8+ Qxd8 39. Qg2 Qb6+ 40. Kh1 Ne3
41. Qf2 Qf6 42. Rc1 Qd8 43. Qe2 Re5 44. Bxb7 Kh7 45. Bf3 Qd4 46. Re1 g6 47. Qf2
h5 48. Bd1 Rf5 49. Qg1 Qe4+ 0-1

[Event "Varennes int."]
[Site "Varennes CAN"]
[Date "2017.07.10"]
[Round "2.6"]
[White "Duong, Thanh Nha"]
[Black "Vera, Reynaldo"]
[Result "1-0"]
[WhiteElo "2132"]
[BlackElo "2446"]
[PlyCount "77"]
[EventDate "2017.10.06"]
[EventType "swiss"]
[EventRounds "5"]
[EventCountry "CAN"]

1. e4 c5 2. Nf3 d6 3. g3 Nf6 4. d3 Nc6 5. Bg2 g6 6. O-O Bg7 7. c3 O-O 8. Re1 e5
9. a3 a6 10. b4 Re8 11. Nbd2 h6 12. Rb1 cxb4 13. axb4 b5 14. Nb3 Bb7 15. Ba3
Rc8 16. Qd2 Nb8 17. Rbc1 Nbd7 18. Rc2 Rc7 19. Rec1 d5 20. exd5 Bxd5 21. c4 bxc4
22. dxc4 Be4 23. Ra2 Qc8 24. Na5 Nb6 25. c5 Nbd5 26. Nc4 Bf8 27. Nfxe5 Bxg2 28.
Kxg2 Qf5 29. Bb2 Rd8 30. Qe1 Nh5 31. Ra3 Re7 32. Rf3 Qc8 33. Nd6 Qa8 34. Ndxf7
Rb8 35. Qd2 Rxb4 36. c6 Rb5 37. Ba3 Re6 38. Nxh6+ Bxh6 39. Qxh6 1-0

[Event "Varennes int."]
[Site "Varennes CAN"]
[Date "2017.10.07"]
[Round "3.2"]
[White "Alvarez Pedraza, Aramis"]
[Black "Duong, Thanh Nha"]
[Result "1/2-1/2"]
[WhiteElo "2489"]
[BlackElo "2132"]
[PlyCount "85"]
[EventDate "2017.10.06"]
[EventType "swiss"]
[EventRounds "5"]
[EventCountry "CAN"]

1. d4 Nf6 2. Nf3 e6 3. Bf4 c5 4. e3 Be7 5. h3 b6 6. c3 Bb7 7. Bd3 O-O 8. O-O d6
9. Nbd2 Nc6 10. Bh2 Re8 11. a3 Bf8 12. Qc2 Rc8 13. Rad1 Rc7 14. dxc5 bxc5 15.
e4 e5 16. Nc4 Rd7 17. Ne3 g6 18. Nd2 Nh5 19. Bb5 Qc8 20. Nd5 Bg7 21. Qa4 Re6
22. Nb3 Rd8 23. Bc4 Ree8 24. Bg3 h6 25. Bb5 Re6 26. Be2 Nf6 27. f3 Ree8 28. Ne3
Nh5 29. Bf2 Nf4 30. Bb5 a6 31. Bc4 Rf8 32. Rd2 Qc7 33. Rfd1 Kh8 34. Bh4 f6 35.
Bf1 Ne7 36. Qa5 Qb8 37. Nxc5 Nc6 38. Nxa6 Nxa5 39. Nxb8 Rxb8 40. Rxd6 Nb3 41.
Bf2 Bc8 42. h4 h5 43. a4 1/2-1/2

[Event "Varennes int."]
[Site "Varennes CAN"]
[Date "2017.10.08"]
[Round "4.2"]
[White "Duong, Thanh Nha"]
[Black "Bruzon Batista, Lazaro"]
[Result "0-1"]
[WhiteElo "2132"]
[BlackElo "2660"]
[PlyCount "72"]
[EventDate "2017.10.06"]
[EventType "swiss"]
[EventRounds "5"]
[EventCountry "CAN"]

1. c4 e5 2. Nc3 d6 3. g3 g6 4. Bg2 Bg7 5. d3 Ne7 6. Nf3 O-O 7. O-O h6 8. Rb1 f5
9. Nd2 Nd7 10. Nd5 c6 11. Nxe7+ Qxe7 12. b4 Nf6 13. a4 Be6 14. Ba3 Rac8 15. a5
Rfd8 16. Qa4 Qd7 17. b5 c5 18. a6 b6 19. Bb2 Qe7 20. Rbe1 Bf7 21. Bb7 Rc7 22.
e4 f4 23. gxf4 Nh5 24. Nf3 Nxf4 25. Qd1 Be6 26. Kh1 Rf8 27. Ng1 Qg5 28. Qf3 Qh4
29. Qe3 Rcf7 30. f3 Bf6 31. Bd5 Bg5 32. Bxe6 Nxe6 33. Qe2 Nf4 34. Qd1 Nh5 35.
Kg2 Bf4 36. Nh3 Bxh2 0-1

[Event "Varennes int."]
[Site "Varennes CAN"]
[Date "2017.10.08"]
[Round "5.10"]
[White "Bolduc, Steve"]
[Black "Duong, Thanh Nha"]
[Result "0-1"]
[WhiteElo "2173"]
[BlackElo "2132"]
[PlyCount "86"]
[EventDate "2017.10.06"]
[EventType "swiss"]
[EventRounds "5"]
[EventCountry "CAN"]

1. d4 e6 2. e4 d5 3. e5 c5 4. c3 Nc6 5. Nf3 Bd7 6. Bd3 Qb6 7. dxc5 Bxc5 8. O-O
a5 9. a4 Nge7 10. Na3 Ng6 11. Qe2 O-O 12. Nb5 f6 13. exf6 Rxf6 14. Bg5 Rf7 15.
Qc2 Raf8 16. Bxg6 hxg6 17. Rae1 e5 18. Be3 d4 19. cxd4 exd4 20. Rc1 dxe3 21.
Qxc5 Qxc5 22. Rxc5 exf2+ 23. Rxf2 Rf4 24. b3 Be6 25. Rb2 Bg4 26. Rc4 Bxf3 27.
Rxf4 Rxf4 28. gxf3 Rxf3 29. Nd6 Nd8 30. b4 Rd3 31. Nc4 axb4 32. Rxb4 Rd4 33. a5
Nc6 34. Ra4 Ne5 35. Nb6 Rxa4 36. Nxa4 Nc6 37. a6 bxa6 38. Kf2 Kf7 39. Ke3 a5
40. Kf4 Ke6 41. Kg5 Ne5 42. h4 Kd5 43. Kf4 Nf7 0-1

[Event "Montreal op"]
[Site "Montreal CAN"]
[Date "2017.09.08"]
[Round "1.6"]
[White "Duong, Thanh Nha"]
[Black "Bassel, Charaf"]
[Result "1/2-1/2"]
[WhiteElo "2275"]
[BlackElo "2087"]
[PlyCount "147"]
[EventDate "2017.09.08"]
[EventType "swiss"]
[EventRounds "5"]
[EventCountry "CAN"]

1. Nf3 Nf6 2. c4 g6 3. b4 Bg7 4. Bb2 O-O 5. g3 d5 6. cxd5 Nxd5 7. Bxg7 Kxg7 8.
Qb3 e5 9. Nxe5 Re8 10. Nf3 Qf6 11. Nc3 Nxb4 12. Qxb4 Qxf3 13. Qd4+ f6 14. Qd5
Qf5 15. Bg2 c6 16. Qxf5 Bxf5 17. O-O Nd7 18. d4 Rab8 19. Rac1 Rec8 20. e4 Be6
21. Rfe1 Bf7 22. Bh3 Rd8 23. f4 Nb6 24. Red1 Nc4 25. Kf2 b5 26. e5 Bd5 27. Bf1
Rb6 28. Rc2 Ra6 29. a4 Na3 30. Rb2 Bc4 31. axb5 cxb5 32. Bxc4 Nxc4 33. Rxb5
fxe5 34. dxe5 Rxd1 35. Nxd1 Ra2+ 36. Kf3 Nd2+ 37. Ke2 Nc4+ 38. Kd3 Nb6 39. Rb2
Ra5 40. Nc3 g5 41. Ra2 Rxa2 42. Nxa2 a5 43. f5 a4 44. Kd4 a3 45. Kc5 Nd7+ 46.
Kd6 Nb6 47. Ke6 Nc4 48. Nc3 g4 49. f6+ Kf8 50. Kf5 Ne3+ 51. Ke4 Nc4 52. Na2 Kf7
53. Kd5 Ne3+ 54. Kd4 Nc2+ 55. Ke4 Ne1 56. Ke3 Ke6 57. Kf4 Nd3+ 58. Kxg4 Nxe5+
59. Kg5 Nf7+ 60. Kf4 Kxf6 61. g4 Nd6 62. h4 Nb5 63. g5+ Ke6 64. h5 Nc7 65. Ke4
Ne8 66. Kf4 Nd6 67. Nc3 Nc4 68. Ke4 Ne5 69. Kf4 Nd3+ 70. Ke4 Nb4 71. Nb5 a2 72.
Nd4+ Kf7 73. Nb3 Nc2 74. g6+ 1/2-1/2

[Event "Montreal op"]
[Site "Montreal CAN"]
[Date "2017.09.09"]
[Round "2.10"]
[White "Jacquet, Stephane"]
[Black "Duong, Thanh Nha"]
[Result "0-1"]
[WhiteElo "2079"]
[BlackElo "2275"]
[PlyCount "46"]
[EventDate "2017.09.08"]
[EventType "swiss"]
[EventRounds "5"]
[EventCountry "CAN"]

1. d4 d6 2. e4 Nf6 3. Nc3 e5 4. Nf3 Nbd7 5. Bc4 Be7 6. O-O c6 7. a4 Qc7 8. Bg5
h6 9. Be3 Nxe4 10. Bxf7+ Kxf7 11. Nxe4 d5 12. Ng3 e4 13. Ne5+ Nxe5 14. dxe5 Rf8
15. Qh5+ Kg8 16. Bxh6 Bc5 17. Bd2 Be6 18. c4 Qb6 19. Qe2 Qxb2 20. cxd5 Rxf2 21.
Rxf2 Qxa1+ 22. Be1 Bg4 23. Qf1 e3 0-1

[Event "Montreal op"]
[Site "Montreal CAN"]
[Date "2017.09.09"]
[Round "3.6"]
[White "Duong, Thanh Nha"]
[Black "Durette, Francis"]
[Result "1/2-1/2"]
[WhiteElo "2275"]
[BlackElo "2131"]
[PlyCount "84"]
[EventDate "2017.09.08"]
[EventType "swiss"]
[EventRounds "5"]
[EventCountry "CAN"]

1. Nf3 Nf6 2. c4 g6 3. b4 Bg7 4. Bb2 d6 5. g3 e5 6. d3 O-O 7. Bg2 a5 8. b5 Nbd7
9. O-O Nc5 10. Nc3 Re8 11. Nd2 Nfd7 12. Rc1 Nb6 13. Nb3 Bh6 14. Rb1 Ne6 15. Nd5
Na4 16. Ba1 c6 17. bxc6 bxc6 18. Ne3 Qc7 19. d4 Ba6 20. d5 Bxe3 21. dxe6 Bh6
22. exf7+ Kxf7 23. Nxa5 Qxa5 24. Bxc6 Bxc4 25. Qxd6 Bf8 26. Bxe8+ Rxe8 27. Qc6
Bd5 28. Qd7+ Re7 29. Qc8 Re8 30. Qd7+ Re7 31. Rb5 Rxd7 32. Rxa5 Nb6 33. Rd1 Be6
34. Rxd7+ Nxd7 35. a4 Bd6 36. Rb5 Bc4 37. Rb7 Ke7 38. e4 Ba6 39. Rb2 Nc5 40.
Rb4 Nd7 41. Rb2 Nc5 42. Rb4 Nd7 1/2-1/2

[Event "Montreal op"]
[Site "Montreal CAN"]
[Date "2017.09.10"]
[Round "4.5"]
[White "Nunez, Omar"]
[Black "Duong, Thanh Nha"]
[Result "0-1"]
[WhiteElo "1866"]
[BlackElo "2275"]
[PlyCount "84"]
[EventDate "2017.09.08"]
[EventType "swiss"]
[EventRounds "5"]
[EventCountry "CAN"]

1. f4 c5 2. Nf3 Nc6 3. g3 g6 4. Bg2 Bg7 5. O-O Nf6 6. Nc3 d5 7. d3 d4 8. Ne4
Nd7 9. Kh1 O-O 10. Nh4 e6 11. Rb1 Qe7 12. c4 h6 13. Bd2 Kh7 14. Qe1 a5 15. b3
f5 16. Nf2 Bf6 17. Bxc6 bxc6 18. Ng2 a4 19. e4 dxe3 20. Nxe3 axb3 21. axb3 e5
22. Ng2 Re8 23. fxe5 Nxe5 24. Qe2 Bd7 25. Rfe1 Qd6 26. Bf4 g5 27. Bxe5 Bxe5 28.
Qh5 Qg6 29. Qxg6+ Kxg6 30. Re2 Bc3 31. Rc2 Bd4 32. Ne1 Re3 33. Kg2 Rae8 34. Nf3
Bf6 35. Rd1 h5 36. Ng1 h4 37. gxh4 g4 38. Rdd2 f4 39. h3 f3+ 40. Kh1 g3 41. h5+
Kxh5 42. Ne4 g2+ 0-1

[Event "Montreal op"]
[Site "Montreal CAN"]
[Date "2017.09.10"]
[Round "5.2"]
[White "Yu, Zong Yang"]
[Black "Duong, Thanh Nha"]
[Result "1-0"]
[WhiteElo "2444"]
[BlackElo "2275"]
[PlyCount "161"]
[EventDate "2017.09.08"]
[EventType "swiss"]
[EventRounds "5"]
[EventCountry "CAN"]

1. d4 Nf6 2. c4 e6 3. Nf3 d5 4. g3 Bb4+ 5. Bd2 Be7 6. Bg2 O-O 7. O-O c6 8. Qc2
b6 9. Rd1 Bb7 10. Bf4 Nbd7 11. Nc3 Nh5 12. Bc1 f5 13. b3 Rc8 14. Ne1 Bd6 15.
Nd3 Qe7 16. e3 Ba6 17. Ne2 g5 18. a4 Bb7 19. a5 Rc7 20. b4 Qg7 21. axb6 axb6
22. c5 Be7 23. Bd2 Bc8 24. Ra8 Bf6 25. Rda1 Bb7 26. Rxf8+ Qxf8 27. cxb6 Nxb6
28. Nc5 Bc8 29. Nc1 Ng7 30. N1d3 Ne8 31. b5 cxb5 32. Ba5 Ra7 33. Nxe6 Bxe6 34.
Qc6 Qd6 35. Qxe8+ Kg7 36. Qxb5 Nc4 37. Nc5 Bf7 38. Bc3 Rxa1+ 39. Bxa1 Qb6 40.
Qxb6 Nxb6 41. Bc3 h5 42. Ba5 Nc4 43. Bc7 Be7 44. Nb7 Kg6 45. Nc5 g4 46. Nd3 Bg5
47. Nb4 Nxe3 48. fxe3 Bxe3+ 49. Kf1 Bxd4 50. Bxd5 Be8 51. Bc6 Bf7 52. Nd5 Bc5
53. Nf4+ Kf6 54. Bd8+ Ke5 55. Nd3+ Kd6 56. Nxc5 Kxc6 57. Nd3 Bc4 58. Ke2 Kd7
59. Bg5 Kd6 60. Ke3 Bf7 61. Kd4 Be8 62. Nc5 Bg6 63. Bf4+ Ke7 64. Ke5 Kf7 65.
Ne6 h4 66. gxh4 Kg8 67. Kf6 Be8 68. Ng7 Bd7 69. Nxf5 Kh7 70. Ne3 Bc8 71. Kg5
Ba6 72. Nxg4 Bd3 73. Be5 Kg8 74. Nh6+ Kh7 75. h5 Bb1 76. Nf7 Bc2 77. h6 Bd3 78.
Bg7 Bc2 79. Kf6 Bg6 80. Ng5+ Kg8 81. h7+ 1-0

[Event "Quebec op"]
[Site "Ste-Foy CAN"]
[Date "2017.08.13"]
[Round "2.7"]
[White "Pare, Marc"]
[Black "Duong, Thanh Nha"]
[Result "0-1"]
[WhiteElo "1984"]
[BlackElo "2122"]
[PlyCount "76"]
[EventDate "2017.08.12"]
[EventType "swiss"]
[EventRounds "9"]
[EventCountry "CAN"]

1. e4 c6 2. d4 d5 3. e5 c5 4. c3 Nc6 5. Be3 Nh6 6. h3 Nf5 7. Nf3 cxd4 8. cxd4
Nxe3 9. fxe3 Bf5 10. Bd3 Bxd3 11. Qxd3 e6 12. O-O Be7 13. Nc3 O-O 14. a3 Rc8
15. b4 f5 16. exf6 Bxf6 17. Rad1 Qc7 18. Ne2 Rfe8 19. Nf4 Qd6 20. Nh2 Bd8 21.
Ng4 Ne7 22. Ne5 Nf5 23. Nh5 Bg5 24. Rf3 g6 25. g4 Nxe3 26. Nf6+ Bxf6 27. Rxf6
Qe7 28. Rf7 Qxf7 29. Nxf7 Nxd1 30. Nh6+ Kg7 31. g5 Rc1 32. Kh2 Rec8 33. Qb5
R1c7 34. Kg3 Nc3 35. Qf1 Ne4+ 36. Kh4 Rf8 37. Qe1 Rc3 38. Ng4 Rff3 0-1

[Event "Quebec op"]
[Site "Ste-Foy CAN"]
[Date "2017.08.13"]
[Round "3"]
[White "Duong, Thanh Nha"]
[Black "Beaulieu, Eric"]
[Result "1-0"]
[WhiteElo "2122"]
[BlackElo "2145"]
[PlyCount "59"]
[EventDate "2017.08.12"]
[EventType "swiss"]
[EventRounds "9"]
[EventCountry "CAN"]

1. e4 e6 2. d3 c5 3. Nd2 d5 4. g3 Nc6 5. Bg2 Nf6 6. Ngf3 Be7 7. O-O O-O 8. Re1
Qc7 9. e5 Nd7 10. Qe2 b5 11. Nf1 a5 12. Bf4 Ba6 13. h4 b4 14. h5 c4 15. h6 g6
16. Ne3 Qa7 17. Ng4 Nd4 18. Qd2 cxd3 19. cxd3 Nxf3+ 20. Bxf3 Rfc8 21. Rac1 a4
22. Bg5 Bf8 23. Be2 a3 24. bxa3 bxa3 25. Qa5 Rc5 26. Qxa3 Rc4 27. Be7 Rxc1 28.
Rxc1 Nxe5 29. Nf6+ Kh8 30. Bxf8 1-0

[Event "Quebec op"]
[Site "Ste-Foy CAN"]
[Date "2017.08.14"]
[Round "4"]
[White "Sambuev, Bator"]
[Black "Duong, Thanh Nha"]
[Result "1-0"]
[WhiteElo "2533"]
[BlackElo "2122"]
[PlyCount "77"]
[EventDate "2017.08.12"]
[EventType "swiss"]
[EventRounds "9"]
[EventCountry "CAN"]

1. d4 Nf6 2. c4 g6 3. Nc3 Bg7 4. e4 d6 5. Nf3 O-O 6. Be2 e5 7. O-O Nc6 8. d5
Ne7 9. Ne1 Nd7 10. Be3 f5 11. f3 f4 12. Bf2 g5 13. Rc1 Rf6 14. Nd3 Rh6 15. c5
a6 16. Qb3 Qe8 17. c6 Qh5 18. h4 Nb6 19. cxb7 Bxb7 20. Na4 Ng6 21. g4 fxg3 22.
Bxg3 gxh4 23. Bh2 Bc8 24. Kh1 Bh3 25. Rg1 Nxa4 26. Qxa4 Rf8 27. Rxc7 Rxf3 28.
Qd1 Bg4 29. Rxg4 Qxg4 30. Bxf3 Qg5 31. Bg4 Nf8 32. Bf5 Qd8 33. Rc8 Qe7 34. Nf2
h3 35. Ng4 Rh4 36. Bg3 h5 37. Bxh4 Qxh4 38. Nh2 Qg3 39. Qg1 1-0

[Event "Quebec op"]
[Site "Ste-Foy CAN"]
[Date "2017.08.15"]
[Round "5.5"]
[White "Duong, Thanh Nha"]
[Black "Trahan, Daniel"]
[Result "1-0"]
[WhiteElo "2122"]
[BlackElo "1954"]
[PlyCount "91"]
[EventDate "2017.08.12"]
[EventType "swiss"]
[EventRounds "9"]
[EventCountry "CAN"]

1. d4 Nf6 2. c4 e6 3. g3 d5 4. Nf3 Be7 5. Bg2 O-O 6. O-O dxc4 7. Qc2 a6 8. a4
Bd7 9. Qxc4 Bc6 10. Nc3 b5 11. Qd3 b4 12. Nb1 Be4 13. Qd1 c5 14. Nbd2 Bb7 15.
dxc5 Nbd7 16. Nb3 Nxc5 17. Nxc5 Bxc5 18. Qxd8 Rfxd8 19. Bg5 Be7 20. Rac1 Rac8
21. Ne5 Bxg2 22. Kxg2 Nd5 23. Bxe7 Nxe7 24. Kf3 f6 25. Nd3 a5 26. Rxc8 Nxc8 27.
Rc1 Nb6 28. b3 Kf7 29. Rc6 Rb8 30. Rc7+ Kf8 31. Nc5 e5 32. Ne6+ Kg8 33. Rxg7+
Kh8 34. Ra7 Nxa4 35. Rxa5 Nc3 36. e3 Re8 37. Ra6 e4+ 38. Kf4 Ne2+ 39. Kxe4 Nc1
40. Kf5 Nxb3 41. Rb6 Nc1 42. Rxb4 Nd3 43. Rd4 Nxf2 44. Kxf6 h5 45. Rh4 Ng4+ 46.
Kf7 1-0

[Event "Quebec op"]
[Site "Ste-Foy CAN"]
[Date "2017.08.17"]
[Round "7"]
[White "Duong, Thanh Nha"]
[Black "Berube, Antoine"]
[Result "1/2-1/2"]
[WhiteElo "2122"]
[BlackElo "2121"]
[PlyCount "71"]
[EventDate "2017.08.12"]
[EventType "swiss"]
[EventRounds "9"]
[EventCountry "CAN"]
[TimeControl "600+2"]

1. e4 c5 2. Nf3 d6 3. g3 Nf6 4. d3 g6 5. Bg2 Bg7 6. O-O O-O 7. c3 e5 8. a3 Re8
9. b4 b6 10. h3 Bb7 11. c4 Nc6 12. b5 Ne7 13. a4 a5 14. Nc3 Nd7 15. Ra2 h6 16.
Nh4 Nf8 17. Be3 Ne6 18. Qc1 Kh7 19. f4 exf4 20. gxf4 Nd4 21. f5 Ng8 22. Qe1 g5
23. Nf3 Nxf5 24. Nxg5+ hxg5 25. Rxf5 f6 26. h4 Nh6 27. Rf1 g4 28. Nd5 Bxd5 29.
cxd5 f5 30. Bxh6 Bxh6 31. Rxf5 Rf8 32. Qf2 Qe7 33. Re2 g3 34. Qf3 Qxh4 35. Qh5
Qxh5 36. Rxh5 1/2-1/2

[Event "Quebec op"]
[Site "Ste-Foy CAN"]
[Date "2017.08.18"]
[Round "8"]
[White "Ouellet, Maili-Jade"]
[Black "Duong, Thanh Nha"]
[Result "0-1"]
[WhiteElo "1982"]
[BlackElo "2122"]
[PlyCount "74"]
[EventDate "2017.08.12"]
[EventType "swiss"]
[EventRounds "9"]
[EventCountry "CAN"]

1. d4 Nf6 2. c4 c5 3. d5 e5 4. Nc3 d6 5. e4 Be7 6. Bd3 Nbd7 7. Nge2 h5 8. Qa4
h4 9. Be3 a6 10. a3 Rb8 11. b4 b6 12. Rb1 cxb4 13. axb4 Ng4 14. Bd2 h3 15. g3
Bg5 16. f4 exf4 17. Nxf4 O-O 18. Be2 Nde5 19. Qb3 Qe7 20. Nxh3 Bxd2+ 21. Kxd2
b5 22. cxb5 axb5 23. Nxb5 f5 24. exf5 Bxf5 25. Rbe1 Nf6 26. Ng5 Be4 27. Nc3
Bxh1 28. Rxh1 Rfc8 29. Rf1 Neg4 30. Ne6 Qa7 31. Rf3 Qa1 32. Nd4 Ne4+ 33. Kc2
Ra8 34. Nc6 Re8 35. Bc4 Ng5 36. Rd3 Ne3+ 37. Kd2 Nf3+ 0-1

[Event "Quebec op"]
[Site "Ste-Foy CAN"]
[Date "2017.08.19"]
[Round "9.1"]
[White "Mikhalevski, Victor"]
[Black "Duong, Thanh Nha"]
[Result "1-0"]
[WhiteElo "2533"]
[BlackElo "2122"]
[PlyCount "167"]
[EventDate "2017.08.12"]
[EventType "swiss"]
[EventRounds "9"]
[EventCountry "CAN"]

1. d4 d5 2. c4 e6 3. Nf3 Nf6 4. g3 c6 5. Nbd2 Be7 6. Bg2 O-O 7. O-O Nbd7 8. Qc2
b6 9. e4 Bb7 10. e5 Ne8 11. cxd5 cxd5 12. Re1 Rc8 13. Qa4 Qc7 14. Nf1 Qc6 15.
Qd1 Qc2 16. Qxc2 Rxc2 17. Ne3 Rc8 18. Bd2 Nc7 19. Rec1 Na6 20. Bc3 Rc7 21. a3
Nab8 22. Ne1 b5 23. Bf1 a6 24. Bb4 Rxc1 25. Rxc1 Bxb4 26. axb4 Rc8 27. N3c2 Nc6
28. Rd1 Ne7 29. Rd3 Kf8 30. f4 Nb6 31. b3 Ra8 32. Rd1 Rc8 33. Kf2 Rc3 34. Rb1
h5 35. Ke2 Nf5 36. Kd2 Rc7 37. Bd3 Nh6 38. Be2 g6 39. Nd3 Nd7 40. Ne3 Ng8 41.
h3 Ne7 42. g4 hxg4 43. hxg4 Nc6 44. Nc2 Ne7 45. Ra1 Bc8 46. Nc5 Rc6 47. Bd3 Nb8
48. Rh1 Kg7 49. Ne3 Rb6 50. Kc3 Nbc6 51. Rg1 Kf8 52. Nc2 Rb8 53. Ra1 Rb6 54.
Rh1 Kg7 55. Ne1 Ng8 56. Nf3 Nh6 57. Ng5 Nd8 58. Be2 Rc6 59. Rg1 Rc7 60. Bf3 Kh8
61. Rg3 Nc6 62. Rg2 Ra7 63. Ra2 Nb8 64. Nh3 Kg7 65. Nf2 Rc7 66. Nd1 Re7 67. Ne3
Ra7 68. f5 gxf5 69. gxf5 Nc6 70. f6+ Kg6 71. Rg2+ Kh7 72. Be2 a5 73. Bd3+ Nf5
74. Bxf5+ exf5 75. Nxd5 Be6 76. Rg7+ Kh6 77. Nxe6 fxe6 78. Rxa7 axb4+ 79. Kd3
Nxa7 80. Nf4 Nc6 81. Nxe6 Kg6 82. Nc5 f4 83. Ke4 f3 84. Kxf3 1-0

[Event "Festival St-Denis"]
[Site "Montreal CAN"]
[Date "2017.07.22"]
[Round "1.12"]
[White "Yagiz, Bora"]
[Black "Duong, Thanh Nha"]
[Result "0-1"]
[WhiteElo "1837"]
[BlackElo "2251"]
[PlyCount "70"]
[EventDate "2017.07.22"]
[EventType "swiss"]
[EventRounds "9"]
[EventCountry "CAN"]

1. e4 d6 2. d4 Nf6 3. Nc3 e5 4. Nf3 Nbd7 5. Bc4 Be7 6. O-O c6 7. a4 Qc7 8. a5
O-O 9. h3 Rb8 10. Qd3 b5 11. axb6 axb6 12. b4 b5 13. Bb3 h6 14. Bb2 Re8 15. d5
c5 16. Nxb5 Qb6 17. Nc3 cxb4 18. Na4 Qa7 19. Rfe1 Nh5 20. Bc1 Ba6 21. Be3 Qb7
22. Qd2 Nhf6 23. Bxh6 gxh6 24. Qxh6 Nh7 25. Nh2 Kh8 26. h4 Rg8 27. h5 Rg5 28.
Nf3 Rbg8 29. Nxg5 Rxg5 30. f4 exf4 31. e5 Qa7+ 32. Kh1 Qf2 33. Qxg5 Nxg5 34. e6
fxe6 35. dxe6 f3 0-1

[Event "Festival St-Denis"]
[Site "Montreal CAN"]
[Date "2017.07.24"]
[Round "3.7"]
[White "Gauthier, Denis"]
[Black "Duong, Thanh Nha"]
[Result "0-1"]
[WhiteElo "1944"]
[BlackElo "2251"]
[PlyCount "64"]
[EventDate "2017.07.22"]
[EventType "swiss"]
[EventRounds "9"]
[EventCountry "CAN"]

1. d4 d6 2. c4 e5 3. Nf3 e4 4. Ng5 f5 5. h4 Nf6 6. Bf4 g6 7. e3 h6 8. Nh3 Bg7
9. Be2 O-O 10. Nc3 c6 11. Qb3 Na6 12. O-O-O Nc7 13. c5+ d5 14. Be5 Ne6 15. Rdg1
Ng4 16. Bxg7 Kxg7 17. Nd1 b6 18. f3 Nf6 19. g4 fxg4 20. fxg4 Nd7 21. Qa4 Bb7
22. Qb4 Qe7 23. Qc3 bxc5 24. dxc5+ Kg8 25. b4 a5 26. a3 axb4 27. axb4 Ra2 28.
Nb2 Rfa8 29. Bd1 R8a3 30. Bb3 Nexc5 31. bxc5 Nxc5 32. Bxd5+ cxd5 0-1

[Event "Festival St-Denis"]
[Site "Montreal CAN"]
[Date "2017.07.25"]
[Round "4.7"]
[White "Duong, Thanh Nha"]
[Black "Bassel, Charaf"]
[Result "1/2-1/2"]
[WhiteElo "2251"]
[BlackElo "2109"]
[PlyCount "28"]
[EventDate "2017.07.22"]
[EventType "swiss"]
[EventRounds "9"]
[EventCountry "CAN"]

1. d4 d5 2. c4 c6 3. Nf3 Nf6 4. g3 Bf5 5. Bg2 Bxb1 6. Rxb1 Qa5+ 7. Bd2 Qxa2 8.
c5 Nbd7 9. O-O e5 10. dxe5 Ne4 11. b4 Be7 12. Ra1 Qb2 13. Rb1 Qa2 14. Ra1 Qb2
1/2-1/2

[Event "Festival St-Denis"]
[Site "Montreal CAN"]
[Date "2017.07.26"]
[Round "5.5"]
[White "Duong, Thanh Nha"]
[Black "Leveille, Francois"]
[Result "1/2-1/2"]
[WhiteElo "2251"]
[BlackElo "2310"]
[PlyCount "86"]
[EventDate "2017.07.22"]
[EventType "swiss"]
[EventRounds "9"]
[EventCountry "CAN"]

1. Nf3 Nf6 2. g3 d5 3. d4 c6 4. Bg2 Bf5 5. O-O e6 6. c4 Be7 7. Nc3 h6 8. Qb3
Qb6 9. c5 Qc7 10. Bf4 Qc8 11. Qa4 O-O 12. Ne5 b5 13. cxb6 Qb7 14. Qb3 axb6 15.
Rfc1 Qa7 16. a3 b5 17. Qd1 Qb6 18. h3 Rd8 19. g4 Bh7 20. b4 Ne4 21. e3 f6 22.
Nd3 Nd7 23. Nxe4 dxe4 24. Qb3 Nf8 25. Nc5 Bxc5 26. Rxc5 Ra6 27. Rac1 Qa7 28.
Qc2 Rxa3 29. Bxe4 Ra2 30. Bxh7+ Kh8 31. Qe4 e5 32. dxe5 Nxh7 33. e6 Qe7 34.
Rxc6 Nf8 35. Rb6 Re8 36. Rc7 Qd8 37. e7 Qd1+ 38. Kg2 Ng6 39. Qxg6 Rxf2+ 40.
Kxf2 Qd2+ 41. Kf3 Qd1+ 42. Kg3 Qe1+ 43. Kf3 Qd1+ 1/2-1/2

[Event "Festival St-Denis"]
[Site "Montreal CAN"]
[Date "2017.07.27"]
[Round "6.7"]
[White "Lopez Linares, Lizandro"]
[Black "Duong, Thanh Nha"]
[Result "0-1"]
[WhiteElo "2290"]
[BlackElo "2251"]
[PlyCount "103"]
[EventDate "2017.07.22"]
[EventType "swiss"]
[EventRounds "9"]
[EventCountry "CAN"]

1. d4 d6 2. Nf3 Bg4 3. Nbd2 Nf6 4. c3 e6 5. e4 Be7 6. Bd3 Bh5 7. O-O d5 8. Qb3
b6 9. Ne5 O-O 10. exd5 exd5 11. f4 c5 12. dxc5 Bxc5+ 13. Kh1 Nbd7 14. Qc2 Re8
15. Ndf3 Bxf3 16. Nxf3 Ne4 17. b4 Bf8 18. c4 Ndf6 19. Ne5 Bxb4 20. Bb2 Rc8 21.
a3 Bd6 22. Rad1 Qc7 23. Qe2 Nc5 24. Bf5 Rcd8 25. cxd5 Na4 26. Rfe1 Nc3 27. Bxc3
Qxc3 28. Rd3 Qc5 29. Red1 g6 30. Bh3 Qc7 31. g3 Bxe5 32. fxe5 Qxe5 33. Qxe5
Rxe5 34. d6 Ne4 35. Kg1 Nc5 36. Rc3 f5 37. Bg2 Kf8 38. Rc4 Re6 39. Rcd4 h5 40.
Kf2 Rc8 41. h4 Nd7 42. R1d2 Rc5 43. Bb7 Ke8 44. Bd5 Re5 45. Kf3 Rc3+ 46. Kf4
Ree3 47. a4 Rxg3 48. Rg2 Rxg2 49. Bxg2 Kf7 50. Bd5+ Kf6 51. Bf3 Ne5 52. Bg2 0-1

[Event "Festival St-Denis"]
[Site "Montreal CAN"]
[Date "2017.07.29"]
[Round "8.7"]
[White "Duong, Thanh Nha"]
[Black "Durette, Francis"]
[Result "1/2-1/2"]
[WhiteElo "2251"]
[BlackElo "2094"]
[PlyCount "24"]
[EventDate "2017.07.22"]
[EventType "swiss"]
[EventRounds "9"]
[EventCountry "CAN"]

1. Nf3 Nf6 2. g3 g6 3. Bg2 Bg7 4. O-O O-O 5. d4 d6 6. Nc3 Nc6 7. h3 e5 8. dxe5
dxe5 9. Bg5 h6 10. Qxd8 Rxd8 11. Bxf6 Bxf6 12. Nb5 e4 1/2-1/2